000 00448nam a2200169Ia 4500
008 160105s9999 xx 000 0 und d
041 _afre
245 _aBiologie générale
260 _aParis
260 _bExpansion scientifique française
260 _c1975
300 _bill.
654 _xBIOLOGIE/CYTOLOGIE/IMMUNITE/SANG/BIOSYNTHESE/HEMOLYSE
942 _c09
994 _a117551
999 _c16962
_d44960